00415nam a2200109Ia 4500082001700000245007600017100004900093942000700142008004100149999001900190952009600209 a370.153 COET 0aEmotional intelligence in the classroom : the secret of happy teachers  a COETZEE, Melinde Cape Town, 2007 946702 cBK210817s9999 xx 000 0 und d c202054d202053 00104070aLEBOLbLEBOLd2021-08-18g285.00l0p33228014012114r2021-08-18w2021-08-18yBK